Improvisation / (Record no. 24211)

000 -LEADER
fixed length control field 00823pam a2200253 i 4500
001 - CONTROL NUMBER
control field 4173584
005 - DATE AND TIME OF LATEST TRANSACTION
control field 20170128093718.0
008 - FIXED-LENGTH DATA ELEMENTS--GENERAL INFORMATION
fixed length control field 790604r1979 nyu 001 0 eng
010 ## - LIBRARY OF CONGRESS CONTROL NUMBER
LC control number 79052093
020 ## - INTERNATIONAL STANDARD BOOK NUMBER
International Standard Book Number 0394170997
040 ## - CATALOGING SOURCE
Original cataloging agency DLC
Transcribing agency DLC
Modifying agency DLC
050 10 - LIBRARY OF CONGRESS CALL NUMBER
Classification number PN2071
Item number .I5H59 1979
100 1# - MAIN ENTRY--PERSONAL NAME
Personal name Hodgson, John Reed.
245 00 - TITLE STATEMENT
Title Improvisation /
Statement of responsibility, etc. John Hodgson and Ernest Richards.
250 ## - EDITION STATEMENT
Edition statement 1st Evergreen ed.
260 ## - PUBLICATION, DISTRIBUTION, ETC. (IMPRINT)
Place of publication, distribution, etc. New York :
Name of publisher, distributor, etc. Grove Press : distributed by Random House,
Date of publication, distribution, etc. 1979, c1974.
300 ## - PHYSICAL DESCRIPTION
Extent xi, 203 p. :
Dimensions 20 cm.
500 ## - GENERAL NOTE
General note Reprint of the new rev. ed. published by Eyre Methuen, London.
500 ## - GENERAL NOTE
General note Includes index.
650 #0 - SUBJECT ADDED ENTRY--TOPICAL TERM
Topical term or geographic name as entry element Improvisation (Acting)
700 1# - ADDED ENTRY--PERSONAL NAME
Personal name Richards, Ernest,
Relator term joint author.
942 ## - ADDED ENTRY ELEMENTS (KOHA)
Source of classification or shelving scheme
Koha item type Hard Covered Materials
Classification part PN2071 .I5H59 1979
Holdings
Withdrawn status Lost status Source of classification or shelving scheme Damaged status Not for loan Home library Current library Shelving location Date acquired Source of acquisition Total Checkouts Full call number Barcode Date last seen Price effective from Koha item type
          MACHAKOS UNIVERSITY LIBRARY MACHAKOS UNIVERSITY LIBRARY Open shelf 28/01/2017 Donation(BFA)   PN2071 .I5H59 1979 32524 28/01/2017 28/01/2017 Hard Covered Materials
© Machakos University Library, Along The Highway, Machakos Wote Rd, Machakos, Kenya P.O. Box 136 - 90100 Machakos - Kenya

Tel: ( +254 ) 723 805829 OR Fax : 044-20353 OR Email: library@mksu.ac.ke